| 000 | 00578nam a22001817a 4500 | ||
|---|---|---|---|
| 005 | 20150707150847.0 | ||
| 010 | _aENG-113260 | ||
| 020 |
_c475.00 _a9789350355237 |
||
| 035 | _aEN-96792 | ||
| 037 | _bDBAD/PUB | ||
| 082 | _a347.5406 | ||
| 100 | _aBhat, U.L. | ||
| 245 |
_aLectures on the Indian Evidence Act / _cby U.L. Bhat ; foreworded by K.T. Thomas |
||
| 260 |
_aNew Delhi _bUniversal Law Publishing _c2015 |
||
| 270 |
_aA-58, G.T. Karnal Road Industrial Area, _bNew Delhi _e110033 |
||
| 300 |
_alxxv,360p. _c24cm(pbk) |
||
| 942 |
_2ddc _cEN _mBHA _h347.5406 |
||
| 999 |
_c93978 _d93978 |
||